| 000 | 004400000a22001690004500 | ||
|---|---|---|---|
| 003 | MACL | ||
| 005 | 20160110160614.0 | ||
| 008 | 160110b xxu||||| |||| 00| 0 eng d | ||
| 040 |
_aMACL _cMACL |
||
| 041 | _aEnglish | ||
| 082 | _a923.2/EDW | ||
| 100 |
_aEdwardes, Michael _912822 |
||
| 245 |
_aNehru _bA Pictorial Biography |
||
| 260 |
_bAsia Publishing House _c1962 _aNew Delhi |
||
| 650 |
_aBiography _931062 |
||
| 942 |
_cBK _k923.2/EDW _2ddc |
||
| 999 |
_c36093 _d36093 |
||